Tiếng Anh trong giao tiếp thương mại = Communicating in business: A short course for business English students

محفوظ في:
التفاصيل البيبلوغرافية
المؤلف الرئيسي: Simon Sweeney
التنسيق: كتاب
اللغة:Undetermined
منشور في: Tp. HCM Tp. HCM 2002
الموضوعات:
الوسوم: إضافة وسم
لا توجد وسوم, كن أول من يضع وسما على هذه التسجيلة!
Thư viện lưu trữ: Trung tâm Học liệu Trường Đại học Cần Thơ
LEADER 00708nam a2200205Ia 4500
001 CTU_54621
008 210402s9999 xx 000 0 und d
020 |b 32000 
082 |a 428.24 
082 |b S974 
100 |a Simon Sweeney 
245 0 |a Tiếng Anh trong giao tiếp thương mại 
245 0 |b = Communicating in business: A short course for business English students 
245 0 |c Simon Sweeney; Lê Huy Lâm và Phạm Văn Thuận biên dịch 
260 |a Tp. HCM 
260 |b Tp. HCM 
260 |c 2002 
650 |a english languague,english language 
650 |x texbooks for foreign speakers,business english 
980 |a Trung tâm Học liệu Trường Đại học Cần Thơ